Statistiques concernant One piece île #1

Cliquez ici pour prendre le quiz!

Statistiques générales

  • Ce quiz a été pris 140 fois
  • Le résultat moyen est 13 sur 20

Statistiques - réponses

Réponse% Correct
Alabasta
100%
Baratie
97%
Punk hazard
89%
Marine ford
88%
Water seven
85%
Dressrosa
83%
Onigashima
81%
Amazon lily
77%
Impel down
77%
Thriller bark
76%
Enies lobby
72%
Tougato
69%
Homme-Poissons
64%
Skypia
53%
Little garden
52%
Fushia
44%
Pays des wa
42%
Ruche
40%
Cap des jumeaux
17%
Banaro
6%

Distribution des résultats

Percentile par nombre de réponses

% des personnes avec chaque résultat

Votre développement - résultats

Vous n’avez pas pris ce quiz